[Event "Irish Championship 2019"]
[Site "Dublin IRL"]
[Date "2019.08.07"]
[Round "5.8"]
[White "Daly, Colm"]
[Black "Murray, David"]
[Result "1-0"]
[WhiteTitle "FM"]
[WhiteElo "2213"]
[BlackElo "2126"]
[WhiteICU "2194"]
[BlackICU "2121"]
[WhiteClub "Bray/Greystones"]
[BlackClub "Gonzaga"]
[WhiteNationality "IRL"]
[BlackNationality "IRL"]
[WhiteFideId "2500434"]
[BlackFideId "2501511"]
[PlyCount "215"]
[Venue "Talbot Hotel, Stillorgan"]
[EventDate "2019.08.03"]

{ Event information: <a
href="http://www.irlchess.com/pairings_irlch2019.html">Tournament
report</a>. }

1. Nf3 Nf6 2. c4 g6 3. b4 Bg7 4. Bb2 O-O 5. e3 c6 6. d3 d5 7. Nbd2 a5 8. a3
Bf5 9. Be2 axb4 10. axb4 Rxa1 11. Qxa1 dxc4 12. dxc4 Na6 13. Qa3 c5 14.
bxc5 Qc7 15. Nb3 Ne4 16. Bxg7 Kxg7 17. c6 Qxc6 18. Qxe7 Qa4 19. Qe5+ f6 20.
Qb2 Qb4+ 21. Kf1 Nac5 22. Bd1 Qxc4+ 23. Kg1 Nd3 24. Qe2 Nexf2 25. Nfd4 Bg4
26. Qc2 Rc8 27. Qxc4 Rxc4 28. Bc2 Rc3 29. Bxd3 Nxd3 30. h3 Bd1 31. Nd2 Ba4
32. Kh2 b5 33. Ne4 Rc8 34. Ne6+ Kg8 35. Nd4 f5 36. Nd6 Rc5 37. Rb1 b4 38.
Ra1 Bc6 39. Ra7 Bd5 40. Ne8 Kf8 41. Nf6 b3 42. Nd7+ Ke8 43. Nxb3 Bxb3 44.
Nxc5 Nxc5 45. Rxh7 Bf7 46. Rh8+ Ke7 47. Ra8 Kf6 48. Ra7 Ne4 49. Ra6+ Ke5
50. Ra5+ Bd5 51. Kg1 Nc3 52. Ra6 Be6 53. Ra3 Nd5 54. Kf2 Nf6 55. Ra5+ Bd5
56. Ra7 Ne4+ 57. Kg1 Ng5 58. Re7+ Ne6 59. Kf2 Bc6 60. Ra7 Nc5 61. Re7+ Kf6
62. Ra7 Ne6 63. Ra6 Bd5 64. Rb6 Ke5 65. Rb8 Be4 66. Rb5+ Kf6 67. Rb6 Bd5
68. Rb5 Ke5 69. Rb8 g5 70. Re8 Kf6 71. Rh8 Kg7 72. Rb8 Be4 73. Rb5 Kf6 74.
Rb6 Bc2 75. Rc6 Ba4 76. Ra6 Be8 77. Ra8 Bf7 78. Ra6 Bh5 79. Rb6 Ke7 80.
Rb7+ Kf6 81. Rb6 Be8 82. Rb8 Bd7 83. Rb7 Nc5 84. Rc7 Ne4+ 85. Ke1 Be6 86.
Ra7 Bd5 87. Rc7 Ke5 88. Re7+ Kd6 89. Rg7 Kc5 90. g3 Kd6 91. h4 gxh4 92.
gxh4 Nf6 93. Rg5 Ke5 94. h5 Ng4 95. Rg7 Kf6 96. Rg6+ Kf7 97. Ke2 Bc4+ 98.
Kd2 Be6 99. Ke2 Bc4+ 100. Kd2 Be6 101. Ke2 Nf6 102. Rg5 Ne4 103. Rg1 Kf6 $4
({ Black has been pressing for over 50 moves, with a draw in hand, but now
blunders; } 103... Nf6 $10) 104. h6 Bc4+ 105. Ke1 f4 106. h7 f3 107. h8=Q+
Kf5 108. Qh5+ 1-0

[Event "Irish Championship 2019"]
[Site "Dublin IRL"]
[Date "2019.08.07"]
[Round "5.9"]
[White "Melaugh, Shane"]
[Black "Quinn, Mark"]
[Result "0-1"]
[BlackTitle "IM"]
[WhiteElo "2077"]
[BlackElo "2383"]
[WhiteICU "2108"]
[BlackICU "2318"]
[WhiteClub "Elm Mount"]
[BlackClub "Kilkenny"]
[WhiteNationality "IRL"]
[BlackNationality "IRL"]
[WhiteFideId "2509580"]
[BlackFideId "2500450"]
[PlyCount "97"]
[Venue "Talbot Hotel, Stillorgan"]
[EventDate "2019.08.03"]

{ Event information: <a
href="http://www.irlchess.com/pairings_irlch2019.html">Tournament
report</a>. }

1. c4 Nc6 2. Nc3 Nf6 3. e4 g6 4. d4 d6 5. d5 Nb8 6. Be2 Bg7 7. Be3 c6 8.
Qd2 h5 9. f4 Ng4 10. Bd4 Bxd4 11. Qxd4 O-O 12. Nf3 Qb6 13. Qxb6 axb6 14. h3
Nh6 15. O-O-O Na6 16. Nd4 Bd7 17. Rhg1 Nc7 18. g4 hxg4 19. hxg4 Kg7 20. g5
Ng8 21. e5 dxe5 22. fxe5 b5 23. dxc6 bxc6 24. Ndxb5 cxb5 25. Rxd7 b4 26.
Nb1 Rfc8 27. a3 bxa3 28. Nxa3 Ra5 29. Bf3 Ne6 30. Rd5 Rxc4+ 31. Nxc4 Ra1+
32. Kc2 Rxg1 33. b4 Nxg5 34. b5 Nxf3 35. b6 e6 36. Rd7 Rg4 37. b7 Rxc4+ 38.
Kb3 Rd4 39. Rc7 Rd1 40. Kc2 Rd8 41. Rc8 Rxc8+ 42. bxc8=Q Nxe5 43. Qc3 f6
44. Qc7+ Nf7 45. Kd3 f5 46. Qc8 e5 47. Qe6 Nf6 48. Ke3 f4+ 49. Kf3 $4 (49.
Kf3 Ng5+) ({ At a first glance, White seems lost anyway. Remarkably,
engines do not agree, and find that Black cannot make progress after } 49.
Kf2 g5 50. Qf5 g4 51. Kf1 g3 52. Kg2) 0-1

[Event "Irish Championship 2019"]
[Site "Dublin IRL"]
[Date "2019.08.07"]
[Round "5.10"]
[White "Li, Henry"]
[Black "Murphy, Sean J."]
[Result "1-0"]
[WhiteTitle "FM"]
[WhiteElo "2287"]
[BlackElo "1875"]
[WhiteICU "2248"]
[BlackICU "1939"]
[WhiteClub "Gonzaga"]
[BlackClub "Cork"]
[WhiteNationality "IRL"]
[BlackNationality "IRL"]
[WhiteFideId "2508524"]
[BlackFideId "2512742"]
[PlyCount "51"]
[Venue "Talbot Hotel, Stillorgan"]
[EventDate "2019.08.03"]
[BlackFullName "Murphy, Se&aacute;n J."]

{ Event information: <a
href="http://www.irlchess.com/pairings_irlch2019.html">Tournament
report</a>. }

1. e4 c6 2. d4 d5 3. e5 Bf5 4. h4 h5 5. Bd3 Bxd3 6. Qxd3 e6 7. Bg5 Qb6 8.
Nd2 c5 9. c4 Qxb2 10. Rd1 Nc6 11. cxd5 Qxd4 12. Qb1 Qxd5 13. Ngf3 Nxe5 14.
O-O Be7 15. Nc4 Nxf3+ 16. gxf3 Qxc4 17. Qxb7 f6 18. Qxa8+ Kf7 19. Be3 Qxh4
20. Rd7 f5 21. Rc1 Kf6 22. Qe8 Ke5 23. f4+ Kf6 24. Rxc5 Qg4+ 25. Kf1 Qg5
26. fxg5# 1-0

[Event "Irish Championship 2019"]
[Site "Dublin IRL"]
[Date "2019.08.07"]
[Round "5.11"]
[White "Byrne, Alex"]
[Black "O'Gorman, Tom"]
[Result "1-0"]
[BlackTitle "FM"]
[WhiteElo "1963"]
[BlackElo "2229"]
[WhiteICU "1905"]
[BlackICU "2208"]
[WhiteClub "St. Benildus"]
[BlackClub "Dun Laoghaire"]
[WhiteNationality "IRL"]
[BlackNationality "IRL"]
[WhiteFideId "2508788"]
[BlackFideId "2508249"]
[PlyCount "47"]
[Venue "Talbot Hotel, Stillorgan"]
[EventDate "2019.08.03"]

{ Event information: <a
href="http://www.irlchess.com/pairings_irlch2019.html">Tournament
report</a>. }

1. e4 c5 2. a3 g6 3. b4 Bg7 4. Nc3 d6 5. Nge2 Nc6 6. Rb1 b6 7. g3 e6 8. Bg2
Bb7 9. O-O Nge7 10. f4 O-O 11. d3 Qc7 12. Bb2 a6 13. f5 gxf5 14. exf5 Nxf5
15. Rxf5 exf5 16. Nd5 Qd8 17. Bxg7 Kxg7 18. Nef4 Ne7 19. Nh5+ Kh8 20. Ndf6
Bxg2 21. Qd2 Ng8 22. Qg5 Qxf6 23. Nxf6 Bf3 24. Qxf5 1-0

[Event "Irish Championship 2019"]
[Site "Dublin IRL"]
[Date "2019.08.07"]
[Round "5.12"]
[White "Wallace, Paul"]
[Black "O'Connell, Gerard"]
[Result "0-1"]
[WhiteElo "2171"]
[BlackElo "2106"]
[WhiteICU "2159"]
[BlackICU "2052"]
[WhiteClub "Kilkenny"]
[BlackClub "St. Benildus"]
[WhiteNationality "IRL"]
[BlackNationality "IRL"]
[WhiteFideId "2500892"]
[BlackFideId "2500493"]
[PlyCount "38"]
[Venue "Talbot Hotel, Stillorgan"]
[EventDate "2019.08.03"]

{ Event information: <a
href="http://www.irlchess.com/pairings_irlch2019.html">Tournament
report</a>. }

1. e4 c5 2. Nf3 d6 3. d4 cxd4 4. Nxd4 Nf6 5. Nc3 g6 6. Be3 Bg7 7. f3 Nc6 8.
Qd2 O-O 9. O-O-O Nxd4 10. Bxd4 Be6 11. Kb1 a6 12. h4 b5 13. h5 Re8 14. hxg6
fxg6 15. g4 Qa5 16. g5 b4 17. Bh3 Bf7 18. Bxf6 $4 (18. b3 $14) 18... bxc3
19. Qxc3 Qxa2+ 0-1

[Event "Irish Championship 2019"]
[Site "Dublin IRL"]
[Date "2019.08.07"]
[Round "5.13"]
[White "Harding, Tim"]
[Black "Carroll, Peter"]
[Result "0-1"]
[WhiteTitle "CM"]
[WhiteElo "2028"]
[BlackElo "2062"]
[WhiteICU "1973"]
[BlackICU "2035"]
[WhiteClub "T.C.D."]
[BlackClub "Gonzaga"]
[WhiteNationality "IRL"]
[BlackNationality "IRL"]
[WhiteFideId "2500256"]
[BlackFideId "2510243"]
[PlyCount "78"]
[Venue "Talbot Hotel, Stillorgan"]
[EventDate "2019.08.03"]

{ Event information: <a
href="http://www.irlchess.com/pairings_irlch2019.html">Tournament
report</a>. }

1. Nf3 Nf6 2. c4 c5 3. b3 Nc6 4. Bb2 d5 5. cxd5 Nxd5 6. Nc3 e5 7. g3 Be6 8.
Bg2 Be7 9. Rc1 f6 10. O-O Rc8 11. e3 Ndb4 12. Ne1 Na5 13. Qe2 c4 14. f4 O-O
15. fxe5 cxb3 16. exf6 Bxf6 17. Ba3 Nxa2 18. Rxf6 Qxf6 19. Nd5 Bxd5 20.
Bxd5+ Kh8 21. Rb1 Rfd8 22. Bxb3 Nxb3 23. Rxb3 Nc1 24. Bxc1 Rxc1 25. Kg2 Qe6
26. Rb2 Qe5 27. Rb4 a5 28. Nf3 Qc7 29. Rf4 Rc2 30. Qd3 h6 31. Qf5 Qc5 32.
Qg6 Qc6 33. Qe4 Qxe4 34. Rxe4 b5 35. Re5 Rb8 36. Kf2 a4 37. Ke2 b4 38. Nd4
Rc7 39. Ra5 b3 0-1

[Event "Irish Championship 2019"]
[Site "Dublin IRL"]
[Date "2019.08.07"]
[Round "5.14"]
[White "Butler, Kevin C."]
[Black "Fox, Anthony"]
[Result "1/2-1/2"]
[WhiteElo "2048"]
[BlackElo "2020"]
[WhiteICU "1966"]
[BlackICU "1982"]
[WhiteClub "Phibsboro"]
[BlackClub "Dun Laoghaire"]
[WhiteNationality "IRL"]
[BlackNationality "IRL"]
[WhiteFideId "2501538"]
[BlackFideId "2500736"]
[PlyCount "36"]
[Venue "Talbot Hotel, Stillorgan"]
[EventDate "2019.08.03"]

{ Event information: <a
href="http://www.irlchess.com/pairings_irlch2019.html">Tournament
report</a>. }

1. e4 e5 2. f4 Bc5 3. Nf3 d6 4. c3 Bb6 5. d4 exd4 6. cxd4 Bg4 7. Nc3 Bxf3
8. gxf3 Qh4+ 9. Ke2 Nc6 10. Be3 Nf6 11. Qd2 Nh5 12. d5 Bxe3 13. Qxe3 Nxf4+
14. Kd2 Ne5 15. Nb5 O-O 16. Nd4 g6 17. Rc1 Rac8 18. Rc2 c6 1/2-1/2

[Event "Irish Championship 2019"]
[Site "Dublin IRL"]
[Date "2019.08.07"]
[Round "5.15"]
[White "Haque, Muhtarim-Ul"]
[Black "Mirza, Diana"]
[Result "0-1"]
[BlackTitle "WFM"]
[WhiteElo "2036"]
[BlackElo "1973"]
[WhiteICU "2031"]
[BlackICU "1986"]
[WhiteClub "Rathmines"]
[BlackClub "St. Michaels"]
[WhiteNationality "IRL"]
[BlackNationality "IRL"]
[WhiteFideId "2509415"]
[BlackFideId "2503999"]
[PlyCount "48"]
[Venue "Talbot Hotel, Stillorgan"]
[EventDate "2019.08.03"]

{ Event information: <a
href="http://www.irlchess.com/pairings_irlch2019.html">Tournament
report</a>. }

1. d4 Nf6 2. c4 g6 3. Nc3 Bg7 4. e4 d6 5. h3 O-O 6. Be3 Nbd7 7. Nf3 e5 8.
d5 Nc5 9. Qc2 Qe7 10. b4 Na6 11. a3 Nh5 12. c5 f5 13. cxd6 cxd6 14. Nb5 Bd7
15. Nxa7 fxe4 16. Nd2 Nf6 17. Bxa6 bxa6 18. Nc6 Qf7 19. Qc4 Kh8 20. Nxe4
Bxc6 21. Nxf6 Bb5 22. Qb3 Qxf6 23. a4 e4 24. Rc1 Bd3 0-1

[Event "Irish Championship 2019"]
[Site "Dublin IRL"]
[Date "2019.08.07"]
[Round "5.16"]
[White "Moran, Darragh"]
[Black "McCarthy, Tim"]
[Result "0-1"]
[WhiteElo "1847"]
[BlackElo "2018"]
[WhiteICU "1828"]
[BlackICU "1964"]
[WhiteClub "Gonzaga"]
[BlackClub "St. Benildus"]
[WhiteNationality "IRL"]
[BlackNationality "IRL"]
[WhiteFideId "2510294"]
[BlackFideId "2500710"]
[PlyCount "72"]
[Venue "Talbot Hotel, Stillorgan"]
[EventDate "2019.08.03"]

{ Event information: <a
href="http://www.irlchess.com/pairings_irlch2019.html">Tournament
report</a>. }

1. e4 c5 2. Nf3 d6 3. Bb5+ Bd7 4. Bxd7+ Qxd7 5. c4 Nf6 6. Nc3 Nc6 7. d4
cxd4 8. Nxd4 g6 9. f3 Bg7 10. O-O Nxe4 11. fxe4 Nxd4 12. Nd5 O-O 13. Bg5
Rae8 14. Qd2 f5 15. Rad1 e5 16. exf5 gxf5 17. Be3 Nc6 18. Nb4 Re6 19. Bc5
e4 20. Nxc6 bxc6 21. Qe3 Be5 22. Bxa7 f4 23. Qb6 e3 24. Rf3 c5 25. b4 Bc3
26. Rdf1 Bd4 27. Re1 Bc3 28. Re2 Bxb4 29. Bb8 d5 30. Qc7 Qxc7 31. Bxc7 d4
32. Rxf4 d3 33. Rb2 e2 34. Rg4+ Rg6 35. Rxg6+ hxg6 36. Bg3 Rf1# 0-1

[Event "Irish Championship 2019"]
[Site "Dublin IRL"]
[Date "2019.08.07"]
[Round "5.17"]
[White "Kennedy, John P. A."]
[Black "Lyons, Brendan"]
[Result "1/2-1/2"]
[WhiteElo "2050"]
[BlackElo "1967"]
[WhiteICU "1981"]
[BlackICU "1898"]
[WhiteClub "Dublin"]
[BlackClub "St. Benildus"]
[WhiteNationality "IRL"]
[BlackNationality "IRL"]
[WhiteFideId "2501120"]
[BlackFideId "2500698"]
[PlyCount "45"]
[Venue "Talbot Hotel, Stillorgan"]
[EventDate "2019.08.03"]

{ Event information: <a
href="http://www.irlchess.com/pairings_irlch2019.html">Tournament
report</a>. }

1. Nf3 d5 2. g3 Nf6 3. Bg2 c6 4. O-O Bf5 5. d3 e6 6. Nbd2 Be7 7. Qe1 h6 8.
e4 Bh7 9. e5 Nfd7 10. Qe2 c5 11. c4 Nb6 12. cxd5 Nxd5 13. Ne4 O-O 14. h4
Nc6 15. b3 Bxe4 16. Qxe4 Nc3 17. Qc4 Ne2+ 18. Kh2 Nb4 19. Bxh6 gxh6 20.
Qg4+ Kh7 21. Qe4+ Kg7 22. Qxe2 Qxd3 23. Qxd3 1/2-1/2

[Event "Irish Championship 2019"]
[Site "Dublin IRL"]
[Date "2019.08.07"]
[Round "5.18"]
[White "O'Gorman, Alice"]
[Black "Haque, Mustakim-Ul"]
[Result "0-1"]
[WhiteElo "1966"]
[BlackElo "1947"]
[WhiteICU "1869"]
[BlackICU "1918"]
[WhiteClub "T.C.D."]
[BlackClub "Rathmines"]
[WhiteNationality "IRL"]
[BlackNationality "IRL"]
[WhiteFideId "2508214"]
[BlackFideId "2509334"]
[PlyCount "90"]
[Venue "Talbot Hotel, Stillorgan"]
[EventDate "2019.08.03"]

{ Event information: <a
href="http://www.irlchess.com/pairings_irlch2019.html">Tournament
report</a>. }

1. e4 c6 2. d4 d5 3. e5 Bf5 4. Nf3 e6 5. Be2 c5 6. O-O Nc6 7. a3 cxd4 8.
Nxd4 Nge7 9. g4 Bg6 10. f4 Qb6 11. c3 Rc8 12. b4 Nxd4 13. Qxd4 Bxb1 14.
Qxb6 axb6 15. Rxb1 Rxc3 16. Bb2 Re3 17. Bb5+ Nc6 18. Rbc1 Kd7 19. f5 Be7
20. fxe6+ fxe6 21. Rf7 Rg8 22. Rc2 Re4 23. h3 d4 24. Rc4 Rxe5 25. Bxc6+
bxc6 26. Rxd4+ Ke8 27. Rdf4 Re3 28. Bxg7 Rxa3 29. h4 Bd6 30. R4f6 Rg3+ 31.
Kf2 Rxg4 32. Bh6 R4g6 33. Bg5 Rxf6+ 34. Rxf6 Rf8 35. Rxf8+ Kxf8 36. Bd2 Kf7
37. Kf3 Kg6 38. Kg4 h5+ 39. Kf3 Kf5 40. Bc3 Be7 41. Be1 e5 42. Bf2 e4+ 43.
Kg3 Bd6+ 44. Kg2 b5 45. Be1 Ke5 0-1

[Event "Irish Championship 2019"]
[Site "Dublin IRL"]
[Date "2019.08.07"]
[Round "5.19"]
[White "Cafolla, Peter"]
[Black "Flynn, Jacob"]
[Result "0-1"]
[WhiteElo "1975"]
[BlackElo "1973"]
[WhiteICU "1959"]
[BlackICU "2028"]
[WhiteClub "Rathmines"]
[BlackClub "Malahide"]
[WhiteNationality "IRL"]
[BlackNationality "IRL"]
[WhiteFideId "2500884"]
[BlackFideId "2509393"]
[PlyCount "70"]
[Venue "Talbot Hotel, Stillorgan"]
[EventDate "2019.08.03"]

{ Event information: <a
href="http://www.irlchess.com/pairings_irlch2019.html">Tournament
report</a>. }

1. e4 d6 2. d4 Nf6 3. Nc3 Nbd7 4. Nf3 e5 5. Be2 Be7 6. O-O c6 7. h3 Qc7 8.
Be3 h6 9. a4 Nf8 10. Qd3 g5 11. Nh2 Ng6 12. Rfe1 Rg8 13. Ng4 Nxg4 14. Bxg4
Nf4 15. Qc4 h5 16. Bf5 Be6 17. Bxe6 Nxe6 18. d5 Nf4 19. dxc6 bxc6 20. Rad1
Qb7 21. b4 Rc8 22. b5 d5 23. bxc6 Rxc6 24. Qb5 Qxb5 25. Nxb5 d4 26. Nxa7
Rxc2 27. Bxf4 gxf4 28. Rc1 Rxc1 29. Rxc1 Kd7 30. Rc4 f3 31. g3 Bg5 32. Nc6
Kd6 33. Nb4 Ra8 34. Nc6 $2 (34. Nd3 $17) 34... d3 35. Nxe5 Kxe5 0-1

[Event "Irish Championship 2019"]
[Site "Dublin IRL"]
[Date "2019.08.08"]
[Round "6.1"]
[White "Lopez, Alex"]
[Black "Fitzsimons, David"]
[Result "1-0"]
[WhiteTitle "IM"]
[BlackTitle "IM"]
[WhiteElo "2431"]
[BlackElo "2317"]
[WhiteICU "2444"]
[BlackICU "2348"]
[WhiteClub "Cork"]
[BlackClub "Elm Mount"]
[WhiteNationality "IRL"]
[BlackNationality "IRL"]
[WhiteFideId "2501430"]
[BlackFideId "2501961"]
[PlyCount "119"]
[Venue "Talbot Hotel, Stillorgan"]
[EventDate "2019.08.03"]

{ Event information: <a
href="http://www.irlchess.com/pairings_irlch2019.html">Tournament
report</a>. } { Other information: Note: <a
href="http://www.irlchess.com/irlch2017_allfiles/games_irlch2017/g33.htm">O'Donnell
- Baburin, Irish Championship 2017</a> reached a similar ending (see
position after 44B), illustrating the correct method of defence. }

1. Nf3 g6 2. e4 Bg7 3. d4 d6 4. Bc4 Nc6 5. O-O Nf6 6. Qe2 Bg4 7. Rd1 e5 8.
c3 O-O 9. h3 Bxf3 10. Qxf3 exd4 11. cxd4 Nd7 12. Be3 Nb6 13. Bb3 Na5 14.
Nc3 Nxb3 15. axb3 Qd7 16. Bg5 Qe6 17. Nb5 Qd7 18. Nc3 Qe6 19. Nd5 Nxd5 20.
exd5 Qf5 21. Qxf5 gxf5 22. Rac1 Rac8 23. Rc4 c6 24. Rdc1 Rfe8 25. Be3 Re4
26. g3 Rb8 27. Kg2 cxd5 28. Rc8+ Re8 29. Rxe8+ Rxe8 30. Rc7 f4 31. gxf4 f5
32. Rxb7 Re4 33. Rxa7 Bxd4 34. Bxd4 Rxd4 35. Rd7 Rxf4 36. Rxd6 Rd4 37. Rd7
Rd2 38. b4 d4 39. Kg3 Kf8 40. Rxh7 Rxb2 41. Rb7 d3 42. Kf3 d2 43. Ke2 d1=Q+
44. Kxd1 Rxf2 45. b5 f4 46. h4 f3 47. Ke1 Re2+ 48. Kf1 Re5 49. Kf2 Rf5 50.
b6 Rf6 51. h5 Ke8 $2 (51... Kg8 $1 $10 { is the only move. }) 52. Rb8+ Kd7
53. Rb7+ Ke8 54. Rb8+ Kd7 55. Rh8 Kc6 56. Rg8 Kb7 57. Rg1 Rf8 58. h6 Kxb6
59. h7 Rh8 60. Rh1 1-0

[Event "Irish Championship 2019"]
[Site "Dublin IRL"]
[Date "2019.08.08"]
[Round "6.2"]
[White "Moran, Stephen"]
[Black "O'Donnell, Conor"]
[Result "1/2-1/2"]
[BlackTitle "FM"]
[WhiteElo "2186"]
[BlackElo "2311"]
[WhiteICU "2151"]
[BlackICU "2298"]
[WhiteClub "T.C.D."]
[BlackClub "Gonzaga"]
[WhiteNationality "IRL"]
[BlackNationality "IRL"]
[WhiteFideId "2501872"]
[BlackFideId "2504243"]
[PlyCount "71"]
[Venue "Talbot Hotel, Stillorgan"]
[EventDate "2019.08.03"]

{ Event information: <a
href="http://www.irlchess.com/pairings_irlch2019.html">Tournament
report</a>. }

1. d4 d5 2. Bf4 c5 3. e3 Nc6 4. c3 Nf6 5. Nd2 e6 6. Ngf3 cxd4 7. exd4 Nh5
8. Be3 Bd6 9. Ne5 g6 10. Nd3 Ng7 11. g3 b6 12. Bf4 Nf5 13. Bg2 O-O 14. Bxd6
Qxd6 15. O-O Ba6 16. Nf3 Rad8 17. Re1 f6 18. Bh3 Ng7 19. a3 Bxd3 20. Qxd3
e5 21. Qd2 e4 22. Nh4 Na5 23. Rad1 f5 24. f4 exf3 25. Nxf3 Nc4 26. Qh6 Nh5
27. b3 Nxa3 28. Ng5 Rd7 29. Re6 Qc7 30. Rxg6+ $2 (30. Bxf5 $1 $18) 30...
hxg6 31. Qxg6+ Rg7 32. Qe6+ Rff7 33. Qe8+ Rf8 34. Qe6+ Rff7 35. Qe8+ Rf8
36. Qe6+ 1/2-1/2

[Event "Irish Championship 2019"]
[Site "Dublin IRL"]
[Date "2019.08.08"]
[Round "6.3"]
[White "Collins, Sam"]
[Black "Ryan, Joe"]
[Result "1-0"]
[WhiteTitle "IM"]
[BlackTitle "FM"]
[WhiteElo "2448"]
[BlackElo "2268"]
[WhiteICU "2422"]
[BlackICU "2281"]
[WhiteClub "Gonzaga"]
[WhiteNationality "IRL"]
[BlackNationality "IRL"]
[WhiteFideId "2501198"]
[BlackFideId "2500426"]
[PlyCount "159"]
[Venue "Talbot Hotel, Stillorgan"]
[EventDate "2019.08.03"]

{ Event information: <a
href="http://www.irlchess.com/pairings_irlch2019.html">Tournament
report</a>. }

1. e4 e6 2. d4 d5 3. Nd2 Nf6 4. e5 Nfd7 5. f4 c5 6. c3 Nc6 7. Ndf3 Qb6 8.
g3 cxd4 9. cxd4 Be7 10. Kf2 O-O 11. Kg2 f6 12. Bd3 Kh8 13. Bb1 a5 14. Ne2
f5 15. h3 Qd8 16. g4 Nb6 17. a3 a4 18. Nc3 Bd7 19. Bc2 Na5 20. Nxa4 Bxa4
21. Bxa4 Nxa4 22. Qxa4 Qe8 23. Qxe8 Raxe8 24. Rb1 Nb3 25. Be3 Rc8 26. Rhf1
g6 27. Rf2 Rc4 28. Nd2 Nxd2 29. Rxd2 Rfc8 30. Kf3 Kg8 31. Ke2 Kf7 32. Kd3
b5 33. Rdd1 Rc2 34. Rdc1 Rxc1 35. Rxc1 Rxc1 36. Bxc1 fxg4 37. hxg4 h5 38.
Ke2 hxg4 39. b3 Ke8 40. Kf2 Bh4+ 41. Kf1 Kd7 42. Bd2 Be7 43. a4 bxa4 44.
bxa4 Kc6 45. Kg2 Bh4 46. Be3 Be1 47. Bf2 Bd2 48. Kg3 Kd7 49. Kxg4 Ke8 50.
Kf3 Kd7 51. Be3 Bc3 52. Ke2 Kc6 53. Kd3 Bb4 54. Bd2 Bf8 55. Ke2 Be7 56. Kf3
Kb6 57. Kg4 Kc6 58. Ba5 Kb7 59. Be1 Kc6 60. Ba5 Kb7 61. Bc3 Kb6 62. Be1 Kc6
63. Bh4 Bf8 64. Kg5 Be7+ 65. Kg4 Bf8 66. Bd8 Bh6 67. Ba5 Kb7 68. Bd2 Kb6
69. Kh4 Kc6 70. Bc1 Kc7 71. a5 Kc6 72. a6 Kb6 73. f5 Bxc1 74. fxe6 Ba3 75.
Kg5 Kxa6 76. Kxg6 Kb5 77. Kf7 Kc4 78. e7 Bxe7 79. Kxe7 Kxd4 80. e6 1-0

[Event "Irish Championship 2019"]
[Site "Dublin IRL"]
[Date "2019.08.08"]
[Round "6.4"]
[White "Brady, Stephen"]
[Black "Baburin, Alexander"]
[Result "1/2-1/2"]
[WhiteTitle "FM"]
[BlackTitle "GM"]
[WhiteElo "2282"]
[BlackElo "2432"]
[WhiteICU "2261"]
[BlackICU "2396"]
[WhiteClub "St. Benildus"]
[BlackClub "Kilkenny"]
[WhiteNationality "IRL"]
[BlackNationality "IRL"]
[WhiteFideId "2500124"]
[BlackFideId "2500914"]
[PlyCount "76"]
[Venue "Talbot Hotel, Stillorgan"]
[EventDate "2019.08.03"]

{ Event information: <a
href="http://www.irlchess.com/pairings_irlch2019.html">Tournament
report</a>. }

1. e4 Nf6 2. e5 Nd5 3. d4 d6 4. Nf3 dxe5 5. Nxe5 c6 6. c4 Nb4 7. Be3 Bf5 8.
Na3 Nd7 9. g4 Be6 10. Nd3 Nxd3+ 11. Bxd3 h5 12. g5 g6 13. Qc2 Bf5 14. Bxf5
Qa5+ 15. Bd2 Qxf5 16. Qxf5 gxf5 17. O-O-O Bg7 18. Rhe1 Bxd4 19. Bb4 Bc5 20.
Bxc5 Nxc5 21. Re5 Nd7 22. Rxf5 e6 23. Rf4 Ke7 24. Rfd4 Rad8 25. f4 Nc5 26.
Nc2 a5 27. Ne3 Rxd4 28. Rxd4 f6 29. Kd1 fxg5 30. fxg5 Rg8 31. h4 Rf8 32.
Ke2 e5 33. Rd1 Ne4 34. Rg1 Rf2+ 35. Kd3 Nc5+ 36. Kc3 Ne4+ 37. Kd3 Nc5+ 38.
Kc3 Ne4+ 1/2-1/2

[Event "Irish Championship 2019"]
[Site "Dublin IRL"]
[Date "2019.08.08"]
[Round "6.5"]
[White "Kanyamarala, Tarun"]
[Black "Murphy, Conor E."]
[Result "0-1"]
[BlackTitle "FM"]
[WhiteElo "2142"]
[BlackElo "2315"]
[WhiteICU "2110"]
[BlackICU "2354"]
[BlackClub "Charlton ENG"]
[WhiteNationality "IRL"]
[BlackNationality "IRL"]
[WhiteFideId "45004714"]
[BlackFideId "421669"]
[PlyCount "84"]
[Venue "Talbot Hotel, Stillorgan"]
[EventDate "2019.08.03"]

{ Event information: <a
href="http://www.irlchess.com/pairings_irlch2019.html">Tournament
report</a>. }

1. c4 c6 2. Nf3 d5 3. g3 Nf6 4. Bg2 dxc4 5. O-O Nbd7 6. Qc2 Nb6 7. Na3 Qd5
8. b3 cxb3 9. axb3 g6 10. Bb2 Bg7 11. b4 a6 12. Ne5 Qd8 13. e4 O-O 14. d4
Ne8 15. Rfd1 Nd6 16. Qb3 Be6 17. d5 cxd5 18. exd5 Bd7 19. Re1 Ba4 20. Qd3
Nd7 21. f4 Nf5 22. Kh1 Rc8 23. Qf3 Qb6 24. Nac4 Qxb4 25. Ba3 Nxe5 26. Nxe5
Qd4 27. Rac1 Rxc1 28. Rxc1 Bxe5 29. fxe5 Qxe5 30. Qf2 Bb5 31. Re1 Qc7 32.
g4 Nd6 33. Qh4 f6 34. Qg3 Rc8 35. g5 Nf5 36. Qxc7 Rxc7 37. gxf6 exf6 38. d6
Rc3 39. Bb2 Rd3 40. Bxf6 Rxd6 41. Be5 Rd7 42. Rc1 Kf7 0-1